The years
Bewaard in:
| Hoofdauteur: | |
|---|---|
| Formaat: | Boek |
| Taal: | Engels |
| Gepubliceerd in: |
Londres
The Hogarth Press
1958
|
| Onderwerpen: | |
| Tags: |
Voeg label toe
Geen labels, Wees de eerste die dit record labelt!
|
MARC
| LEADER | 00000nam a2200000 a 4500 | ||
|---|---|---|---|
| 001 | UCZ2882 | ||
| 003 | CL-VaPUC | ||
| 008 | 951013e19580000UK |||||||||||||||||eng|d | ||
| 082 | 0 | 4 | |a 823 |b WOO |2 21 |
| 100 | |a Woolf, Virginia, |d 1882-1941 |e autora |9 265377 | ||
| 245 | 1 | 4 | |a The years |
| 300 | |a 469 p | ||
| 942 | |c BK | ||
| 945 | |d 19951013 00:00:00 |a awong | ||
| 260 | |a Londres |b The Hogarth Press |c 1958 | ||
| 650 | 0 | |a Novelas inglesas |9 265220 | |
| 583 | |a last modification |c 19951013 00:00:00 |k Rodrigo Vera | ||
| 999 | |c 239426 |d 239424 | ||
| 952 | |0 0 |1 0 |4 0 |6 823_000000000000000_WOO_1958 |7 0 |8 A |9 250540 |a BIBEDU |b BIBEDU |d 2019-11-18 |i 3137503 |o 823 WOO 1958 |p 3137503 |r 2019-11-18 |w 2019-11-18 |y BK |k LIT | ||